000 00343nam a22001337a 4500
020 _qPB.
040 _cFIZZA ISHAQ
082 _a942.004924
_bCHA
100 _aHANNAM,CHARLES.
_9133814
245 _aALMOST AN ENGLISHMAN /
_cCHARLES HANNAM.
260 _aNEW YORK ;
_bANDRE DEUTSCH,
_c1979.
300 _a206 P. ;
_c8.4X5.4IN
942 _2ddc
_cBK
999 _c616782
_d616782